000 00782nam a2200229Ii 4500
003 JO-AjNU
008 230605s9999||||xx |||||||||||||| ||und||
017 _a1997/3/346
040 _aJO-AjNU
_bara
_erda
_cJO-AjNU
041 _aara
050 1 4 _aPJ7864.A47.A16 1997
100 3 _aطلوزي ،باسل ,
_eauthor
_957575
245 0 0 _aالثانية عشرة الا انت
250 _aط1
264 3 1 _aعمان: اللجنة الشعبية لدعم الانتفاضة، 1997
300 _a119ص
336 _atext
_btxt
_2rdacontent
337 _aunmediated
_bn
_2rdamedia
338 _avolume
_bnc
_2rdacarrier
490 0 _aمنشورات اللجنة الشعبية لدعم الانتفاضة
650 4 _aالقصص العربيه-العصر الحديث
_957576
999 _aA25810
_c29378
_d29378